| 000 | 00404nam a22001217a 4500 | ||
|---|---|---|---|
| 008 | 230629b xxu||||| |||| 00| 0 eng d | ||
| 020 | _a0621365289 | ||
| 082 |
_a338.9 _bTHO |
||
| 245 | _aForeign Direct Investment in South Africa: The Initial Impact of the Trade, Development and Co-operation Agreement between South Africa and the European Union | ||
| 300 | _aV,47,D9p | ||
| 440 | _n1 | ||
| 942 |
_2ddc _cBK |
||
| 999 |
_c3003 _d3003 |
||